000 00285nam a22001217a 4500
008 181015b xxu||||| |||| 00| 0 eng d
041 _aeng
080 _a616.31
100 _a5
101 _aSTO
245 _aClinical Practice of the Dental Hygienist
_cWilkins, E.M
942 _2udc
_cBK
999 _c49759
_d49759